000 00985cam a22003137a 4500
003 CHAP
005 20220817041024.0
008 971013s1990 r 00010 d
010 _a4776
011 _a5748
035 _a4963
040 _cCHAP
090 _aFolleto 13482
100 0 0 _aSorrentino Fattoruso, Arianna.
_9108783
245 0 _aRendimiento de especies forestales exóticas en el Uruguay
260 _aMontevideo :
_bUniversidad de la República. Facultad de Agronomía,
_c1990
300 _a36 p.
490 0 _aBoletín de investigación
_v; 27
590 _aBATCH-UPD
_b10
_c20130110
_lUCH01
_h1113
590 _aBATCH-UPD
_b10
_c20130410
_lUCH01
_h0704
590 _aBATCH-UPD
_b10
_c20130914
_lUCH01
_h0657
590 _aCONVERSION
_b10
_c20130109
_lUCH01
_h1304
650 1 4 _aEucalipto.
650 1 4 _aPinus.
_988318
830 0 _aBoletín de investigación
_v; 27
_913532
901 _aBK
942 _cFOLL
949 _aFolleto 13482
_bBC
_cFOLL
_d-14529
_eTS1
_i4963
_si
999 _c4776
_d4776